La vuelta al mundo en 80 días /
Guardado en:
| Autor Principal: | |
|---|---|
| Otros Autores: | |
| Formato: | Libro |
| Publicado: |
Buenos Aires :
Atlántida,
2008.
|
| Series: | Nueva Biblioteca Billiken ;
5 |
| Materias: | |
| Etiquetas: |
Agregar Etiqueta
Sin Etiquetas, Sea el primero en etiquetar este registro!
|
| LEADER | 00760nam a22002295a 4500 | ||
|---|---|---|---|
| 001 | CEM.cems019696 | ||
| 008 | 221011s2008##################000#0#####d | ||
| 005 | 20221011095207.0 | ||
| 245 | 1 | 0 | |a La vuelta al mundo en 80 días / |c Julio Verne ; ilustrado por Horacio Daniel Gatto. |
| 260 | |a Buenos Aires : |b Atlántida, |c 2008. | ||
| 300 | |a 163 p. | ||
| 490 | 0 | |a Nueva Biblioteca Billiken ; |v 5 | |
| 020 | |a 9789500815161 | ||
| 100 | 1 | |a Verne, Julio | |
| 700 | 1 | |a Gatto, Horacio Daniel; il. | |
| 082 | 0 | 4 | |a 843.8 |
| 653 | |a Ciencia ficción | ||
| 653 | |a Literatura | ||
| 653 | |a Novela francesa | ||
| 653 | |a Novelas | ||
| 859 | |a CEMS |b BIB. CEMS - Inicial y Primaria |h 843.8 |i V594 |k IP |p 1722 |t Ej.1 | ||
| 859 | |a CEMS |b BIB. CEMS - Inicial y Primaria |h 843.8 |i V594 |k IP |p 1723 |t Ej.2 | ||
